00157 a2200073 450000100060000010000170000624500280002326000320005113509 aKintner W.R aThe new frontier of war aChicagobHenry regnery coc